[Event "Lichtenberger Sommer 2018"]
[Site "?"]
[Date "2018.08.26"]
[Round "9.51"]
[White "Lehmkuhl, Stefan"]
[Black "Baranowsky, Peter"]
[Result "0-1"]
[WhiteElo "1892"]
[BlackElo "1848"]
[PlyCount "76"]
[EventDate "2018.??.??"]
[WhiteTeam "Breloher SC"]
[BlackTeam "SF 1903 Berlin"]

1. d4 Nf6 2. c4 g6 3. Nc3 Bg7 4. e4 d6 5. Be2 O-O 6. Bg5 c6 7. Qd2 e5 8. d5 Qc7
9. Nf3 Na6 10. Be3 Ng4 11. O-O-O Nxe3 12. fxe3 c5 13. Rdg1 Qe7 14. g4 h6 15.
Bd3 Bd7 16. Ne2 Nb4 17. Bb1 b5 18. a3 Na6 19. Qa5 Rfb8 20. Nc3 b4 21. Nb5 Rb6
22. Bd3 Rab8 23. Kd2 R8b7 24. Ra1 Nb8 25. axb4 Bxg4 26. bxc5 Ra6 27. cxd6 Qd7
28. Qc3 Bxf3 29. Rxa6 Nxa6 30. b4 Bxh1 31. Qa1 Nxb4 32. Qxh1 Nxd3 33. Kxd3 a6
34. Nc3 Qxd6 35. Qa1 Bf8 36. Qa5 g5 37. Ke2 Rb2+ 38. Ke1 Qb4 0-1

[Event "Lichtenberger Sommer 2018"]
[Site "?"]
[Date "2018.08.26"]
[Round "9.52"]
[White "Krüger, Ekkehard"]
[Black "Guder, Sibylle"]
[Result "1/2-1/2"]
[WhiteElo "1854"]
[BlackElo "1794"]
[PlyCount "94"]
[EventDate "2018.??.??"]
[WhiteTeam "SG NARVA Berlin"]
[BlackTeam "SF 1903 Berlin"]

1. e4 c5 2. b3 d6 3. Bb2 a6 4. Nf3 Nd7 5. d4 cxd4 6. Nxd4 Ngf6 7. Nc3 g6 8. Be2
Bg7 9. f3 O-O 10. f4 Qc7 11. Bf3 Rb8 12. Nd5 Nxd5 13. exd5 b5 14. c3 Bb7 15.
Qd2 Nb6 16. Ne2 Qc5 17. Rd1 Rfe8 18. Rf1 e6 19. dxe6 Rxe6 20. Bxb7 Rxb7 21. Rf2
Rbe7 22. Kf1 f5 23. Nc1 Qc6 24. Re2 Bh6 25. Rxe6 Rxe6 26. Ne2 Qc7 27. Nd4 Re4
28. g3 d5 29. Re1 Qd7 30. Nf3 Bg7 31. Ng5 Re7 32. Qf2 Rxe1+ 33. Kxe1 Qe7+ 34.
Qe2 Qxe2+ 35. Kxe2 Bf6 36. Ne6 a5 37. Kd3 Kf7 38. Nd4 b4 39. cxb4 axb4 40. Bc1
Nd7 41. Nc6 Nc5+ 42. Kc2 Na6 43. Bd2 Be7 44. Kd3 Ke6 45. Be3 Bf6 46. Nd4+ Bxd4
47. Kxd4 Kd6 1/2-1/2

[Event "Lichtenberger Sommer 2018"]
[Site "?"]
[Date "2018.08.26"]
[Round "9.53"]
[White "Schulz-Runge, Michael"]
[Black "Bruening, Wolfgang"]
[Result "0-1"]
[WhiteElo "1758"]
[BlackElo "1841"]
[PlyCount "70"]
[EventDate "2018.??.??"]
[WhiteTeam "FS Dortmund"]
[BlackTeam "vereinslos"]

1. c4 e6 2. Nc3 d5 3. d4 Be7 4. e4 dxe4 5. Nxe4 Nf6 6. Nxf6+ Bxf6 7. Nf3 b6 8.
Be2 Bb7 9. Qa4+ Qd7 10. Qxd7+ Nxd7 11. O-O O-O-O 12. Ng5 Rdf8 13. Rd1 h6 14.
Nf3 Rd8 15. Bf4 Rhe8 16. c5 g5 17. Be3 Bd5 18. Bb5 c6 19. Ba6+ Kc7 20. b4 bxc5
21. b5 Nb8 22. Rac1 Nxa6 23. bxa6 Bxf3 24. gxf3 cxd4 25. Bd2 Rd5 26. Rc4 Rb8
27. Rdc1 Rb6 28. Ra4 Rbb5 29. Rac4 c5 30. a4 Rb2 31. Ba5+ Kd6 32. Kf1 d3 33. h3
Bd4 34. Rxd4 Rxd4 35. Bc3 Rc2 0-1

[Event "Lichtenberger Sommer 2018"]
[Site "?"]
[Date "2018.08.26"]
[Round "9.54"]
[White "Lichii, Elizaveta"]
[Black "Bandsom, Olaf"]
[Result "1-0"]
[WhiteElo "1807"]
[BlackElo "1806"]
[PlyCount "68"]
[EventDate "2018.??.??"]
[WhiteTeam "vereinslos"]
[BlackTeam "SC Friesen Lichtenberg"]

1. e4 e5 2. Nf3 Nc6 3. Bb5 a6 4. Ba4 Be7 5. O-O b5 6. Bb3 Nf6 7. Re1 O-O 8. h3
Bb7 9. d3 d6 10. c3 Qc8 11. Nbd2 Nd7 12. d4 exd4 13. cxd4 Bf6 14. Nf1 Na5 15.
Bc2 Re8 16. Bf4 Nc6 17. Ng3 g6 18. Rc1 Nf8 19. Bh6 Qd8 20. Qd2 Bg7 21. Bb3 Ne7
22. Bxg7 Kxg7 23. Ng5 d5 24. Qf4 f6 25. Qxc7 fxg5 26. Qxb7 Nd7 27. exd5 Nf6 28.
Qc7 Kf8 29. Rc6 Qxc7 30. Rxc7 Nexd5 31. Rxe8+ Rxe8 32. Bxd5 Nxd5 33. Rxh7 Kg8
34. Ra7 a5 1-0

[Event "Lichtenberger Sommer 2018"]
[Site "?"]
[Date "2018.08.26"]
[Round "9.55"]
[White "Otter, Nils"]
[Black "Fiß, Wolfgang"]
[Result "1-0"]
[WhiteElo "1723"]
[BlackElo "1757"]
[PlyCount "85"]
[EventDate "2018.??.??"]
[WhiteTeam "SC Kreuzberg"]
[BlackTeam "SC Oranienburg"]

1. e4 e6 2. d4 d5 3. exd5 exd5 4. Bd3 Nf6 5. Nf3 Be7 6. O-O O-O 7. h3 Ne4 8.
Re1 f5 9. c4 c6 10. Bf4 Bf6 11. Nc3 Be6 12. Qb3 Qb6 13. c5 Qxb3 14. axb3 a6 15.
b4 Nd7 16. Ra3 Rac8 17. Ne2 g5 18. Bxe4 fxe4 19. Nxg5 Bf5 20. h4 h6 21. Nh3 Kh7
22. Bg3 Rg8 23. Kh2 Rg7 24. Nhf4 Be7 25. f3 Rcg8 26. Nh5 Rg6 27. Nef4 Rf6 28.
Nxf6+ Bxf6 29. Bf2 Bd8 30. g4 Bc7 31. Bg3 Bxf4 32. Bxf4 Be6 33. g5 hxg5 34.
hxg5 Bf5 35. fxe4 Bxe4 36. Rh3+ Kg7 37. Rh6 Kf7 38. Rf1 Bg6 39. Be5+ Ke8 40.
Bd6 Bf7 41. Re1+ Kd8 42. Rg1 Bg6 43. Kh3 1-0

[Event "Lichtenberger Sommer 2018"]
[Site "?"]
[Date "2018.08.26"]
[Round "9.56"]
[White "Korell, Klaus-Peter"]
[Black "Wallmann, Bodo"]
[Result "1-0"]
[WhiteElo "1847"]
[BlackElo "1814"]
[PlyCount "77"]
[EventDate "2018.??.??"]
[WhiteTeam "SG TT/Wiheil"]
[BlackTeam "SC Kreuzberg"]

1. d4 e6 2. c4 Bb4+ 3. Bd2 Bxd2+ 4. Nxd2 c5 5. e3 Nf6 6. Ngf3 O-O 7. Bd3 cxd4
8. Nxd4 Nc6 9. N2f3 Qe7 10. O-O Nxd4 11. exd4 b6 12. Re1 Bb7 13. Ng5 d5 14. b3
h6 15. Nh3 dxc4 16. bxc4 Qd6 17. Qd2 Rad8 18. Rad1 Ng4 19. Qf4 Nf6 20. Qh4 Qc6
21. f3 Rd7 22. Nf2 Rfd8 23. Ng4 Nxg4 24. Qxg4 Kf8 25. Bf1 Qa4 26. Rd2 Ba6 27.
Rc1 Qb4 28. Qf4 e5 29. Qe3 exd4 30. Qd3 Rc8 31. Rdc2 Qc5 32. Kh1 Re8 33. Qh7 f6
34. Bd3 Qg5 35. Bg6 Re2 36. Qh8+ Ke7 37. Qe8+ Kd6 38. Qxe2 Qxg6 39. c5+ 1-0

[Event "Lichtenberger Sommer 2018"]
[Site "?"]
[Date "2018.08.26"]
[Round "9.57"]
[White "Karyah, Thomas"]
[Black "Hoffmann, Rainer"]
[Result "1-0"]
[WhiteElo "1775"]
[BlackElo "1950"]
[PlyCount "67"]
[EventDate "2018.??.??"]
[WhiteTeam "SC Zugzwang 95 (Berlin)"]
[BlackTeam "SV Oberkrämer"]

1. e4 c5 2. d4 cxd4 3. c3 dxc3 4. Nxc3 Nc6 5. Nf3 g6 6. Bc4 Bg7 7. O-O d6 8. a4
Bd7 9. Ng5 Ne5 10. Ba2 Nh6 11. Be3 Nhg4 12. Bd4 O-O 13. h3 h6 14. Nxf7 Nxf7 15.
Bxg7 Kxg7 16. hxg4 Ne5 17. Nd5 Nxg4 18. f3 Ne5 19. f4 Nc6 20. f5 gxf5 21. Qh5
Qe8 22. Qh4 Rc8 23. Rf3 f4 24. Nxf4 Ne5 25. Rg3+ Kh7 26. Ne6 Rf6 27. Ng7 Qf8
28. Nf5 e6 29. Nxd6 Rf4 30. Qh5 Qxd6 31. Rd1 Qc5+ 32. Kh1 Rcf8 33. Rxd7+ Nxd7
34. Qg6+ 1-0

[Event "Lichtenberger Sommer 2018"]
[Site "?"]
[Date "2018.08.26"]
[Round "9.60"]
[White "Regel, Michael"]
[Black "Schönberger, Kay"]
[Result "0-1"]
[WhiteElo "1692"]
[BlackElo "1889"]
[PlyCount "46"]
[EventDate "2018.??.??"]
[WhiteTeam "SC Friesen Lichtenberg"]
[BlackTeam "SV Koblenz"]

1. e4 c5 2. Nc3 Nc6 3. f4 g6 4. Nf3 Bg7 5. Bc4 e6 6. O-O Nge7 7. Qe1 O-O 8. d3
d5 9. Bb3 d4 10. Ne2 b6 11. Qh4 Na5 12. f5 Nxb3 13. axb3 exf5 14. Bh6 Bxh6 15.
Qxh6 f6 16. e5 Nd5 17. Nh4 Rf7 18. exf6 Qxf6 19. Nf3 Ne3 20. Rfc1 Bb7 21. Qf4
g5 22. Qxg5+ Qxg5 23. Nxg5 Rg7 0-1

[Event "Lichtenberger Sommer 2018"]
[Site "?"]
[Date "2018.08.26"]
[Round "9.61"]
[White "Neuwald, Volker"]
[Black "Gräbnitz, Marc-Florian"]
[Result "1/2-1/2"]
[WhiteElo "1786"]
[BlackElo "1495"]
[PlyCount "53"]
[EventDate "2018.??.??"]
[WhiteTeam "SK Ottenau"]
[BlackTeam "SC Eintracht Berlin"]

1. c4 c6 2. Nc3 d5 3. e3 Nf6 4. Nf3 e6 5. d4 Bd6 6. Bd3 Nbd7 7. Bd2 O-O 8. Qc2
Re8 9. O-O dxc4 10. Bxc4 e5 11. Ng5 Rf8 12. Bd3 h6 13. Nge4 Nxe4 14. Nxe4 Nf6
15. Nxd6 Qxd6 16. dxe5 Qxe5 17. Bc3 Qe7 18. Qa4 Nd5 19. Bd2 Rd8 20. Rfd1 Be6
21. Be2 Nb6 22. Qc2 Rd7 23. a3 Rad8 24. Bc3 Rxd1+ 25. Rxd1 Rxd1+ 26. Qxd1 Qd7
27. Qxd7 1/2-1/2

[Event "Lichtenberger Sommer 2018"]
[Site "?"]
[Date "2018.08.26"]
[Round "9.62"]
[White "Fock, Amina"]
[Black "Pathasart, Somchay"]
[Result "0-1"]
[WhiteElo "1824"]
[BlackElo "1750"]
[PlyCount "76"]
[EventDate "2018.??.??"]
[WhiteTeam "SC Zugzwang 95 (Berlin)"]
[BlackTeam "SG Weißensee 49"]

1. e4 e5 2. Nc3 Nf6 3. g3 Bc5 4. Bg2 d6 5. Nge2 Bg4 6. O-O Nc6 7. h3 Bh5 8. Kh2
Nd4 9. f3 Qd7 10. d3 h6 11. Nxd4 Bxd4 12. Ne2 Bb6 13. c3 O-O-O 14. a4 a6 15. a5
Ba7 16. c4 Rdg8 17. g4 Bg6 18. h4 Kd8 19. Bh3 Qc6 20. b4 Nd7 21. Qb3 Ke7 22. f4
f6 23. f5 Bf7 24. h5 Ra8 25. Nc3 Rhb8 26. Nd5+ Kf8 27. Ba3 b6 28. b5 Qb7 29.
bxa6 Qc6 30. Nb4 bxa5 31. Nxc6 Rxb3 32. Rfd1 Nc5 33. Bxc5 Bxc5 34. Nxa5 Rb2+
35. Kh1 Rxa6 36. Nb3 Rxa1 37. Nxa1 Bd4 38. Bf1 Be8 0-1

[Event "Lichtenberger Sommer 2018"]
[Site "?"]
[Date "2018.08.26"]
[Round "9.63"]
[White "Becker, Werner"]
[Black "Stein, Siegfried"]
[Result "1/2-1/2"]
[WhiteElo "1689"]
[BlackElo "1822"]
[PlyCount "78"]
[EventDate "2018.??.??"]
[WhiteTeam "SV Königsee"]
[BlackTeam "SV Berolina Mitte"]

1. Nf3 g6 2. g3 Bg7 3. d4 Nf6 4. Bg2 O-O 5. O-O d6 6. b3 Re8 7. Bb2 Nbd7 8. Re1
e5 9. dxe5 Ng4 10. Nbd2 Ndxe5 11. Rb1 c6 12. h3 Nxf3+ 13. Nxf3 Ne5 14. Nxe5
Bxe5 15. Bxe5 dxe5 16. Qxd8 Rxd8 17. Rbd1 Be6 18. Rd3 Kf8 19. Red1 Ke7 20. c4
Bf5 21. e4 Be6 22. c5 b6 23. Rxd8 Rxd8 24. Rxd8 Kxd8 25. cxb6 axb6 26. f4 f6
27. Kf2 Kc7 28. Ke3 b5 29. Kd3 b4 30. h4 Kb6 31. Bf1 Kc5 32. fxe5 fxe5 33. Be2
h6 34. Ke3 Kd6 35. Kd2 Kc5 36. Ke3 Kb6 37. Kd3 Kc5 38. Ke3 Kb6 39. Kd3 Kc5
1/2-1/2

[Event "Lichtenberger Sommer 2018"]
[Site "?"]
[Date "2018.08.26"]
[Round "9.65"]
[White "Lalaev, Ashur"]
[Black "Junge, Wolfgang"]
[Result "0-1"]
[WhiteElo "1656"]
[BlackElo "1829"]
[PlyCount "89"]
[EventDate "2018.??.??"]
[WhiteTeam "TuS Makkabi Berlin"]
[BlackTeam "SC Friesen Lichtenberg"]

1. e4 e5 2. Nc3 Nf6 3. Bc4 Be7 4. Bb3 O-O 5. Nf3 d6 6. d4 Bg4 7. dxe5 Bxf3 8.
Qxf3 dxe5 9. Qg3 Nbd7 10. Be3 c6 11. Rd1 Qc7 12. Bc4 Bb4 13. Qf3 Nc5 14. Bxc5
Bxc5 15. a3 Bd4 16. Rd3 Rad8 17. g4 Qe7 18. g5 Nd7 19. Qh5 Qd6 20. h4 Nc5 21.
Rd1 Bxc3+ 22. Ke2 Qg6 23. Qxg6 hxg6 24. bxc3 Nxe4 25. Ke3 Nxc3 26. Rdg1 Rd4 27.
Bd3 Rfd8 28. f3 Nd5+ 29. Kf2 Nf4 30. Be4 Rd2+ 31. Kg3 Ne2+ 32. Kg4 Nxg1 33.
Rxg1 Rd1 34. Rg3 Re1 35. Bd3 Rd4+ 36. Kh3 Rh1+ 37. Kg2 Rdxh4 38. Kf2 R4h2+ 39.
Rg2 Rxg2+ 40. Kxg2 Rh5 41. f4 exf4 42. Kf3 Rxg5 43. Kxf4 Ra5 44. Kg4 Rxa3 45.
Kh4 0-1

[Event "Lichtenberger Sommer 2018"]
[Site "?"]
[Date "2018.08.26"]
[Round "9.66"]
[White "Lieder, Günter"]
[Black "Eichstädt, Torsten"]
[Result "1-0"]
[WhiteElo "1830"]
[BlackElo "1361"]
[PlyCount "89"]
[EventDate "2018.??.??"]
[WhiteTeam "SK Turm Bad Hersfeld"]
[BlackTeam "SC Friesen Lichtenberg"]

1. e4 c6 2. d4 d5 3. exd5 cxd5 4. Nf3 Bg4 5. c3 Nc6 6. Bd3 Nf6 7. h3 Bxf3 8.
Qxf3 e6 9. O-O Bd6 10. Re1 O-O 11. Bg5 h6 12. Bf4 Rc8 13. Nd2 a6 14. Rad1 b5
15. a4 b4 16. Bxa6 bxc3 17. bxc3 Rb8 18. Bb5 Na7 19. Rb1 Nxb5 20. Rxb5 Rxb5 21.
axb5 g5 22. Bg3 Bxg3 23. Qxg3 Nh5 24. Qf3 Nf4 25. Kh2 Ng6 26. g3 Qb8 27. Qd3
Ne7 28. Nf3 Kg7 29. Ne5 Qc8 30. Rb1 f6 31. Nf3 Qb8 32. Kg2 Ng6 33. b6 e5 34.
dxe5 fxe5 35. Qxd5 Rd8 36. Qe4 Rd7 37. c4 Rb7 38. c5 Kf6 39. Rd1 h5 40. Rd6+
Qxd6 41. cxd6 Rxb6 42. d7 Rd6 43. Qc4 Nf8 44. Qg8 Ne6 45. Nxg5 1-0

[Event "Lichtenberger Sommer 2018"]
[Site "?"]
[Date "2018.08.26"]
[Round "9.67"]
[White "Ollek, Karl-Heinz"]
[Black "Kapp, Frank"]
[Result "0-1"]
[WhiteElo "1681"]
[BlackElo "1874"]
[PlyCount "90"]
[EventDate "2018.??.??"]
[WhiteTeam "SC Friesen Lichtenberg"]
[BlackTeam "TSV IFA Chemnitz"]

1. c4 e5 2. Nc3 b6 3. Nf3 Bb7 4. e4 Nc6 5. d3 Bc5 6. a3 a5 7. Rb1 d6 8. Be2 Qd7
9. Nd5 Nd4 10. Nxd4 Bxd4 11. Bg4 Qd8 12. Be3 Bxe3 13. Nxe3 Nf6 14. Bh3 O-O 15.
O-O Re8 16. b4 axb4 17. axb4 Ra2 18. Ra1 Qa8 19. Rc1 Qa3 20. Rc2 Ra8 21. Rxa2
Qxa2 22. Qc2 g6 23. Qxa2 Rxa2 24. Rd1 Kf8 25. b5 Ke7 26. Nd5+ Nxd5 27. exd5 f5
28. f3 Bc8 29. g3 h5 30. f4 Kf6 31. Re1 Bd7 32. Bf1 g5 33. fxg5+ Kxg5 34. Be2
h4 35. gxh4+ Kxh4 36. Bf1 Be8 37. Re3 Bh5 38. Rh3+ Kg5 39. Rg3+ Kf4 40. Rg7 Ra1
41. Kf2 Ra2+ 42. Kg1 Ke3 43. Rg3+ Bf3 44. h4 f4 45. h5 fxg3 0-1

[Event "Lichtenberger Sommer 2018"]
[Site "?"]
[Date "2018.08.26"]
[Round "9.68"]
[White "Schindler, Rudolf"]
[Black "Khalaf, Adnan"]
[Result "1-0"]
[WhiteElo "1835"]
[BlackElo "1585"]
[PlyCount "92"]
[EventDate "2018.??.??"]
[WhiteTeam "Lasker Steglitz-Wilmersdorf"]
[BlackTeam "Läufer Reinickendorf"]

1. Nf3 d5 2. c4 d4 3. g3 Nf6 4. Bg2 c5 5. O-O Bg4 6. Ne5 Qc8 7. Nxg4 Nxg4 8. e3
Nf6 9. d3 e5 10. exd4 cxd4 11. b4 Nbd7 12. Qb3 Be7 13. Nd2 O-O 14. Bb2 Rb8 15.
Rfe1 Bd6 16. c5 Bc7 17. Rac1 Qd8 18. Re2 Re8 19. Rce1 Nf8 20. b5 Ng6 21. Nc4 b6
22. cxb6 axb6 23. Bc6 Re7 24. Ba3 Re6 25. f4 exf4 26. Rxe6 fxe6 27. Rxe6 fxg3
28. hxg3 Kh8 29. Nd6 Bxd6 30. Bxd6 Rc8 31. Qb4 Nh5 32. Re8+ Qxe8 33. Bxe8 Rxe8
34. Qxd4 h6 35. Qg4 Nxg3 36. Qxg3 Re6 37. d4 Ne7 38. Bxe7 Rxe7 39. Qb8+ Kh7 40.
Qxb6 Re3 41. d5 Rd3 42. d6 Rd1+ 43. Kf2 Rd2+ 44. Ke3 Rxa2 45. d7 Ra3+ 46. Kd2
Ra8 1-0

[Event "Lichtenberger Sommer 2018"]
[Site "?"]
[Date "2018.08.26"]
[Round "9.69"]
[White "Lange, Johannes Friedrich"]
[Black "Wolff, Marie Antoinette"]
[Result "0-1"]
[WhiteElo "1447"]
[BlackElo "1780"]
[PlyCount "118"]
[EventDate "2018.??.??"]
[WhiteTeam "TSG Oberschöneweide"]
[BlackTeam "Leegebrucher SF"]

1. e4 c5 2. Nf3 Nc6 3. d4 cxd4 4. c3 dxc3 5. Nxc3 d6 6. Bc4 Bg4 7. O-O Nf6 8.
Bg5 e6 9. Rc1 Be7 10. Qd3 Bxf3 11. Qxf3 O-O 12. Rfd1 Ne5 13. Qe2 Nfg4 14. Bxe7
Qxe7 15. h3 Nxc4 16. Qxc4 Ne5 17. Qb4 Rad8 18. Nb5 Qg5 19. Qc3 Nf3+ 20. Qxf3
Qxb5 21. Qa3 Qe5 22. Qb4 b6 23. Rc7 d5 24. Rxa7 dxe4 25. Rad7 Rxd7 26. Rxd7 e3
27. fxe3 Qxe3+ 28. Kh1 h6 29. Qd2 Qc5 30. b4 Qc8 31. a4 e5 32. Re7 Qf5 33. Qe1
f6 34. a5 bxa5 35. bxa5 Qd3 36. Qa1 Qb3 37. a6 Rd8 38. Qa5 Qd3 39. Qa2+ Kh7 40.
Kh2 Qf5 41. Qc4 Rd4 42. Qc1 Ra4 43. a7 Ra2 44. Qg1 Qe4 45. Re8 f5 46. Kh1 f4
47. a8=Q Rxa8 48. Rxa8 Qxa8 49. Qb1+ e4 50. Kh2 Qd5 51. h4 h5 52. Kh3 Qf5+ 53.
Kh2 f3 54. g3 f2 55. Qf1 Qf3 56. g4 hxg4 57. h5 g3+ 58. Kh3 g2+ 59. Kh4 Qf4+
0-1

[Event "Lichtenberger Sommer 2018"]
[Site "?"]
[Date "2018.08.26"]
[Round "9.70"]
[White "Lange, Malina"]
[Black "Strehlow, Horst"]
[Result "0-1"]
[WhiteElo "1488"]
[BlackElo "1981"]
[PlyCount "134"]
[EventDate "2018.??.??"]
[WhiteTeam "SV Mattnetz Berlin"]
[BlackTeam "SG TT/WiHeil"]

1. e4 e6 2. d4 d5 3. Nd2 Nf6 4. e5 Nfd7 5. Ngf3 c5 6. c3 Nc6 7. Bd3 Be7 8. O-O
cxd4 9. cxd4 a5 10. Re1 Qb6 11. Qa4 Qb4 12. Qxb4 Nxb4 13. Bb1 Nb6 14. a3 Nc6
15. Nf1 Bd7 16. Ne3 a4 17. Bd3 Na5 18. Rb1 O-O 19. Bd2 Nb3 20. Bc3 Rfc8 21. Nd2
Bxa3 22. Nxb3 axb3 23. Rec1 Be7 24. Ra1 Rxa1 25. Rxa1 Na4 26. Nd1 b5 27. Bd2 g6
28. Rc1 Rxc1 29. Bxc1 Bd8 30. Nc3 Nxc3 31. bxc3 Ba5 32. Bb2 Bc6 33. f4 b4 34.
cxb4 Bxb4 35. Kf2 Kg7 36. g3 f6 37. Kf3 h6 38. Ke3 f5 39. Kf3 g5 40. Be2 g4+
41. Kf2 Kf7 42. Bd1 Ba4 43. Ke3 h5 44. Kf2 Ke8 45. Be2 Kd7 46. Bd1 Kc6 47. Be2
Bb5 48. Bd1 Bc4 49. Kg2 Kb5 50. Kf2 Bd2 51. Be2 Kb4 52. Bd1 Bc3 53. Bxb3 Kxb3
54. Bc1 Bxd4+ 55. Be3 Kc3 56. Bxd4+ Kxd4 57. Ke1 Ke3 58. Kd1 d4 59. Ke1 d3 60.
Kd1 Bb3+ 61. Kc1 d2+ 62. Kb2 d1=Q 63. Kc3 Qd5 64. Kb2 Kd3 65. Kb1 Qa5 66. Kb2
Qa2+ 67. Kc1 Qa1# 0-1

[Event "Lichtenberger Sommer 2018"]
[Site "?"]
[Date "2018.08.26"]
[Round "9.71"]
[White "Schiller, Stephan"]
[Black "Schilly, Hans-Joachim"]
[Result "0-1"]
[WhiteElo "1604"]
[BlackElo "1771"]
[PlyCount "128"]
[EventDate "2018.??.??"]
[WhiteTeam "SV Motor Wildau"]
[BlackTeam "SF Siemensstadt"]

1. d4 d5 2. c4 e5 3. dxe5 d4 4. e3 Bb4+ 5. Bd2 dxe3 6. fxe3 Qh4+ 7. g3 Qe4 8.
Bxb4 Qxh1 9. Nf3 Bg4 10. Nbd2 Nc6 11. Bc3 O-O-O 12. Bd4 Nxd4 13. exd4 Rxd4 14.
Qa4 Bxf3 15. Qe8+ Rd8 16. Qxf7 Nh6 17. Qxf3 Qxh2 18. Bg2 Qg1+ 19. Nf1 Qb6 20.
b3 Rhe8 21. Ne3 Rxe5 22. Bh3+ Kb8 23. Kf2 Qc5 24. b4 Rd2+ 25. Ke1 Rxe3+ 26.
Kxd2 Rxf3 27. bxc5 Rxg3 28. Be6 a6 29. Rb1 Ka7 30. Bc8 b6 31. c6 Rg2+ 32. Kc3
Nf7 33. Rd1 Rg6 34. Rd7 Ne5 35. Re7 Nxc6 36. Rf7 Rg3+ 37. Kb2 Na5 38. Be6 b5
39. c5 Nc4+ 40. Kc1 Ne3 41. Rxc7+ Kb8 42. Rc6 Kb7 43. Rb6+ Ka7 44. Rd6 Rg1+ 45.
Kb2 Nc4+ 46. Bxc4 bxc4 47. Rd7+ Kb8 48. Kc3 Rg5 49. Kxc4 h5 50. Rd6 h4 51. Rxa6
h3 52. Re6 h2 53. Re8+ Kc7 54. Rh8 Rg2 55. Rh7 Kc6 56. a4 g5 57. Rh6+ Kb7 58.
Rh7+ Ka6 59. Rh8 Rg4+ 60. Kd5 Rh4 61. Rg8 h1=Q+ 62. Kd6 Rh6+ 63. Ke5 Qh2+ 64.
Kf5 Qf4# 0-1

[Event "Lichtenberger Sommer 2018"]
[Site "?"]
[Date "2018.08.26"]
[Round "9.72"]
[White "Kujawa, Werner"]
[Black "Bastian, Reinhard"]
[Result "0-1"]
[WhiteElo "1726"]
[BlackElo "1667"]
[PlyCount "54"]
[EventDate "2018.??.??"]
[WhiteTeam "SV Motor Wildau"]
[BlackTeam "vereinslos"]

1. e4 e6 2. d4 d5 3. Nd2 Nf6 4. e5 Nfd7 5. Bd3 c5 6. c3 Nc6 7. Ne2 cxd4 8. cxd4
f6 9. exf6 Nxf6 10. Nf3 Bd6 11. O-O O-O 12. Nc3 a6 13. Re1 Qc7 14. Bb1 Ng4 15.
h3 Bh2+ 16. Kf1 Nxf2 17. Kxf2 Qg3+ 18. Kf1 e5 19. dxe5 Bxh3 20. Qxd5+ Kh8 21.
gxh3 Rxf3+ 22. Ke2 Rf2+ 23. Kd1 Rd8 24. Qxd8+ Nxd8 25. Be4 Qxh3 26. Re3 Qg4+
27. Ne2 Bf4 0-1

[Event "Lichtenberger Sommer 2018"]
[Site "?"]
[Date "2018.08.26"]
[Round "9.74"]
[White "Schild, Reinhard"]
[Black "Hesselbarth, Karlheinz"]
[Result "1/2-1/2"]
[WhiteElo "1601"]
[BlackElo "1723"]
[PlyCount "82"]
[EventDate "2018.??.??"]
[WhiteTeam "SG Weißensee 49"]
[BlackTeam "SC Zugzwang 95 (Berlin)"]

1. d4 d5 2. Nf3 Nf6 3. e3 g6 4. Bd3 Bg7 5. O-O O-O 6. Nbd2 b6 7. Qe2 Bb7 8. Ne5
Nbd7 9. f4 c5 10. c3 Rc8 11. Rf3 Ne4 12. Nf1 Ndf6 13. Bd2 Qd6 14. Ng3 e6 15.
Raf1 h5 16. Qd1 Rc7 17. a3 Kh7 18. Qc2 Rh8 19. h4 Bh6 20. Bc1 Qe7 21. Qe2 Ne8
22. Bb1 f6 23. Nd3 f5 24. Ne5 Qxh4 25. Nxe4 dxe4 26. Rh3 Qf6 27. Kf2 cxd4 28.
cxd4 Bf8 29. Rhh1 Kg8 30. Nxg6 Rh6 31. Nxf8 Kxf8 32. Rxh5 Rxh5 33. Qxh5 Ng7 34.
Qe2 Bd5 35. Bd2 a5 36. b4 a4 37. b5 Kf7 38. Bb4 Qd8 39. Qb2 Bc4 40. Bc3 Qd5 41.
Qd2 Bxb5 1/2-1/2

[Event "Lichtenberger Sommer 2018"]
[Site "?"]
[Date "2018.08.26"]
[Round "9.75"]
[White "Murat, Abylay"]
[Black "Schwager, Thomas"]
[Result "1-0"]
[WhiteElo "1708"]
[BlackElo "1628"]
[PlyCount "97"]
[EventDate "2018.??.??"]
[WhiteTeam "SC Friesen Lichtenberg"]
[BlackTeam "SC Friesen Lichtenberg"]

1. d4 Nf6 2. c4 e6 3. Bg5 Be7 4. g3 d5 5. Nd2 Nbd7 6. Bg2 c6 7. c5 b6 8. b4 b5
9. a4 Ba6 10. Bf4 Nh5 11. Be3 e5 12. Nb3 bxa4 13. Rxa4 Bb5 14. Ra3 a6 15. dxe5
Nxe5 16. Nd4 Nc4 17. Nxb5 axb5 18. Rxa8 Qxa8 19. Bd4 Nf6 20. Nf3 O-O 21. O-O
Qa3 22. Qb1 Ra8 23. Qa1 Ra4 24. Qxa3 Rxa3 25. Rb1 Ne4 26. Ra1 Ra4 27. Rb1 Ned2
28. Nxd2 Nxd2 29. Rd1 Ne4 30. f3 Ng5 31. Bc3 Ne6 32. e3 f5 33. Bf1 Kf7 34. Bd3
g6 35. Bc2 Ra3 36. Rd3 Bf6 37. Bxf6 Rxd3 38. Bxd3 Kxf6 39. e4 fxe4 40. fxe4
dxe4 41. Bxe4 Nd8 42. Kf2 h6 43. h4 g5 44. hxg5+ hxg5 45. Kf3 Ke5 46. Ke3 Ne6
47. Bxc6 Nd4 48. Be4 g4 49. Kd3 1-0

[Event "Lichtenberger Sommer 2018"]
[Site "?"]
[Date "2018.08.26"]
[Round "9.76"]
[White "Caglar, Erdal"]
[Black "Kreuchauf, Olaf"]
[Result "0-1"]
[WhiteElo "1486"]
[BlackElo "1674"]
[PlyCount "76"]
[EventDate "2018.??.??"]
[WhiteTeam "SW Lichtenrade"]
[BlackTeam "SC Eintracht Berlin"]

1. d4 e6 2. Bf4 b6 3. Nf3 f5 4. e3 Nf6 5. Bd3 Bb7 6. Nbd2 Be7 7. O-O O-O 8. c3
d6 9. Ng5 Qd7 10. Bc4 d5 11. Bd3 Ba6 12. Bxa6 Nxa6 13. Ndf3 Ng4 14. h3 Bxg5 15.
Bxg5 Nf6 16. Ne5 Qe8 17. Qe2 Nb8 18. Bf4 Nfd7 19. Rac1 Nxe5 20. Bxe5 c5 21. Bd6
Rf7 22. dxc5 bxc5 23. Bxc5 Qc6 24. Bd4 Nd7 25. c4 e5 26. Bc3 dxc4 27. f4 exf4
28. exf4 Nb6 29. Qf3 Qc5+ 30. Qf2 Qc6 31. Rfe1 h6 32. Rcd1 Nd5 33. Bd4 Nb4 34.
Re3 Rd8 35. a3 Nd3 36. Qh4 Rxd4 37. Re5 Nxf4 38. Re8+ Kh7 0-1

[Event "Lichtenberger Sommer 2018"]
[Site "?"]
[Date "2018.08.26"]
[Round "9.77"]
[White "Tedesco, Gennaro"]
[Black "Theilig, Reinhard"]
[Result "1-0"]
[WhiteElo "1706"]
[BlackElo "1598"]
[PlyCount "79"]
[EventDate "2018.??.??"]
[WhiteTeam "SC Kreuzberg"]
[BlackTeam "VfB Hermsdorf"]

1. d4 d6 2. c4 Nf6 3. Nf3 g6 4. g3 Bg7 5. Bg2 O-O 6. O-O Na6 7. Nc3 c5 8. d5
Bf5 9. Nh4 Bg4 10. h3 Bd7 11. e4 Qc8 12. Kh2 h6 13. Re1 Re8 14. Nf3 g5 15. Rb1
Nc7 16. a4 Na6 17. g4 Nb4 18. e5 dxe5 19. Nxe5 Qc7 20. Kg1 a6 21. Nd3 Rab8 22.
Be3 b6 23. Qd2 Rbd8 24. b3 Nxd3 25. Qxd3 Bc6 26. Qc2 Ba8 27. Rbd1 Qb7 28. f4
gxf4 29. Bxf4 Qc8 30. Qc1 Nxg4 31. hxg4 Qxg4 32. Bxh6 Bd4+ 33. Be3 e5 34. Ne4
Qg7 35. Bxd4 exd4 36. Qg5 Qxg5 37. Nxg5 f5 38. Ne6 Rxe6 39. dxe6 Bxg2 40. Kxg2
1-0

[Event "Lichtenberger Sommer 2018"]
[Site "?"]
[Date "2018.08.26"]
[Round "9.78"]
[White "Fricke, Janek Konrad"]
[Black "Pöltelt, Helmut"]
[Result "0-1"]
[WhiteElo "1485"]
[BlackElo "1714"]
[PlyCount "42"]
[EventDate "2018.??.??"]
[WhiteTeam "SV Empor Berlin"]
[BlackTeam "SC Eintracht Berlin"]

1. e4 c5 2. Nc3 Nc6 3. g3 g6 4. Bg2 Bg7 5. f4 d6 6. Nf3 e6 7. O-O Nge7 8. d3
Nd4 9. Bd2 Nxf3+ 10. Rxf3 Rb8 11. Qe2 Nc6 12. Be3 Nd4 13. Bxd4 Bxd4+ 14. Kh1
O-O 15. Rb1 Qb6 16. e5 Bxc3 17. d4 Ba5 18. a3 Qd8 19. exd6 cxd4 20. b4 Bb6 21.
Qe5 f6 0-1

[Event "Lichtenberger Sommer 2018"]
[Site "?"]
[Date "2018.08.26"]
[Round "9.79"]
[White "Hömke, Holger"]
[Black "Morczynski, Joachim"]
[Result "0-1"]
[WhiteElo "1578"]
[BlackElo "1583"]
[PlyCount "44"]
[EventDate "2018.??.??"]
[WhiteTeam "SK Zehlendorf"]
[BlackTeam "SK Zehlendorf"]

1. c4 g6 2. d4 Bg7 3. Nc3 d6 4. e4 Nd7 5. Nf3 e5 6. Be3 Ne7 7. dxe5 dxe5 8. Bd3
O-O 9. Qd2 Nc6 10. Bh6 Nc5 11. Bxg7 Nxd3+ 12. Ke2 Nf4+ 13. Kf1 Qxd2 14. Nxd2
Kxg7 15. Nd5 Nxd5 16. cxd5 Nd4 17. Rc1 c6 18. dxc6 Nxc6 19. f3 Rd8 20. Nc4 Be6
21. Kf2 Bxc4 22. Rxc4 Rd2+ 0-1